000
00334nam a2200145Ia 4500
008
230312s9999||||xx |||||||||||||| ||und||
020
_a
9789698455231
082
_a
891.4
_b
JAI-S
100
_a
جین فیر لی
245
0
_a
شیردریا
260
_b
Jamhori
_a
pak
_c
2016
300
_a
280
650
_a
Literature
942
_c
BK
999
_c
14901
_d
14901